| 000 | 00867nam a22002897a 4500 | ||
|---|---|---|---|
| 001 | 7598 | ||
| 003 | FISKH | ||
| 005 | 20251202155629.0 | ||
| 008 | 250725b cb ||||| |||| 00| 0 eng d | ||
| 020 | _a9780516460352 | ||
| 040 |
_aFISKH _beng _cFISKH _dFISKH |
||
| 050 | _aQC941 .F69 | ||
| 082 | _a 551.55 | ||
| 100 | _aFowler, Allan | ||
| 245 |
_aRookie read -about Science : _bWhen a storm comes up / _cBy Allan Fowler |
||
| 250 | _aThis edition first published in 1995 | ||
| 260 |
_aCanada : _bChildren Press, _c1995 |
||
| 300 |
_a31 pages : _bcolor illustrations ; _c18 cm |
||
| 505 | _aN | ||
| 520 | _aTells all about rain and storms, showing what can happen during stormy weather. | ||
| 521 | 8 |
_a590
_bLexile |
|
| 521 | 8 |
_aN
_bRaz-Plus |
|
| 650 |
_2Storms _aWeather |
||
| 650 |
_2Non-fiction _aGrade 3 |
||
| 942 |
_2ddc _cBK _n0 |
||
| 999 |
_c7598 _d7598 |
||